| 000 | 00489nam a22001817a 4500 | ||
|---|---|---|---|
| 003 | CEME | ||
| 005 | 20210628203542.0 | ||
| 008 | 210317b xxu||||| |||| 00| 0 eng d | ||
| 020 | _a0-534-92026-8 | ||
| 040 | _c. | ||
| 082 | _a519.5 MEN'M | ||
| 100 |
_aWackerly, Dennis D , Mendenhall, William , Scheaffer, Richard L _966209 |
||
| 245 | _aMathematical statistics with application | ||
| 250 | _a4TH | ||
| 260 |
_aCALIFORNIA _bDUXBURY PRESS _c1990 |
||
| 300 | _a818P | ||
| 942 |
_cBK _2ddc |
||
| 999 |
_c574209 _d574209 |
||